=LDR 00000nam 2200000 4500 =001 INLIS000000000039548 =005 20130612145153 =008 ***********************************Ind** =035 ##$$0010-061300000039548 =041 ##$$a Ind =082 ##$$a 623.8 =090 ##$$a 623.8, Hum k =100 ##$$a Humble, Richard =245 ##$$a Kapal Laut , Richard Hunble ; Alih Bahasa Esther S Mandjani =260 ##$$a 28 Cm $b Jakarta =300 ##$$a 31 Hlm, 28 Cm =850 ##$$a NBPNMAT =990 ##$$a 0001/BPAP-NTB/20142015